Hijab Types - Statistics

General Stats
  • This quiz has been taken 17 times
  • The average score is 3 of 12
Answer Stats
Picture Answer % Correct
Hijab
92%
Burqa
83%
Niqab
75%
Dupatta
25%
Al Amira
17%
Chador
17%
Shayla
17%
Khimar
8%
Bandari Burqa
0%
Doa Gaun
0%
Esarp
0%
Tudong
0%
No matching quizzes found
Score Distribution
Percent of People with Each Score
Percentile by Number Answered
Your Score History
You have not taken this quiz